| 000 | 01015nam a22002657a 4500 | ||
|---|---|---|---|
| 001 | 32433 | ||
| 003 | AR-RoBPED | ||
| 005 | 20260318101009.0 | ||
| 008 | 260317s1995 ag a|||ar|||| 001 0 spa d | ||
| 020 | _a987954500 | ||
| 040 | _aAR-RoBPED | ||
| 041 | _aspa | ||
| 100 | 1 |
_aSaslavsky, Gabriela _930602 |
|
| 245 | 1 | 0 |
_aFesti Kit / _cGabriela Saslavsky ; Miguel Maiorana. |
| 260 |
_aBuenos Aires : _bEDA, _c1995. |
||
| 300 |
_a252 p. : _bil. |
||
| 500 | _a | ||
| 505 | _tEje 1: La escuela, los chicos, el maestro -- Eje 2: Los derechos humanos y la paz -- Eje 3: El nacimiento de la Patria y la independencia -- Eje 4: Los hombres y el trabajo -- Eje 5: El medio ambiente y la vida natural -- Eje 6: Los hombres y su cultura -- Eje 7: El tema central del mes | ||
| 650 | 4 |
_aEFEMERIDES _91365 |
|
| 650 | 4 |
_aNIVEL INICIAL _91213 |
|
| 650 | 4 |
_aACTIVIDADES _919489 |
|
| 700 | 1 |
_aMaiorana, Miguel _930603 |
|
| 942 |
_2udc _aK. 32433 _cBK _h372.3 _kBM _mS 24 _nInv. 42304 |
||
| 945 | _ann 17/03/2026 - cd 18/03/2026 | ||
| 999 |
_c32433 _d32433 |
||